000 01055nam a2200265Ia 4500
003 OSt
005 20221005105146.0
006 a|||||r|||| 00| 0
007 ta
008 221004b |||||||| |||| 00| 0 hin d
020 _a8179751511 (hbk)
_c450
024 _a100042
037 _b401, 22/03/2010, Swaraj Prakashan
_cTextual
040 _aCRL
_cCRL
_bhin
041 _2hin
_ahin
082 _aO152(Y15),1x, P6
100 _aचतुर्वेदी, जगदीश्वर, संपा.
245 0 _aस्त्री काव्यधारा
246 _aStrī kāvyadhārā
260 _aनई दिल्ली
_bअनामिका पब्लिशर्स एंड डिस्ट्रीब्यूटर्स भारत
_c2006
300 _a309पृ0
_ccm.
650 _aहिन्दी साहित्य
942 _hO152(Y15),1x, P6
_cTEXL
_2cc
999 _c1014962
_d1014962